000
00335pab a2200145 454500
008
180718b1983 xxu||||| |||| 00| 0 eng d
100
_a
Abrol, Dinesh
245
_a
Whither technology policy?
260
_c
1983
300
_a
65-8
362
_a
Republic Day
650
_a
Technology - India
773
_a
Mainstream
909
_a
19149
999
_c
19149
_d
19149